MARC

LEADER 00000nam0a2200000 4500
001 58999
005 20231101211758.0
035 |a (RuTPU)RU\TPU\book\62335 
090 |a 58999 
100 |a 20031215d1984 k y0rusy50 ca 
101 0 |a rus 
102 |a kz 
105 |a a z 001zy 
200 1 |a Геология месторождений цветных и черных металлов  |e Сборник научных трудов  |f Казахский научно-исследовательский институт минерального сырья; Под ред. Г. Р. Бекжанова, Е. В. Пучкова, Т. Г. Мулдагалиева, Е. С. Зорина, А. К. Каймакова 
210 |a Алма-Ата  |c КазИМС  |d 1984 
215 |a 136 с.  |c ил. 
320 |a Библиография в конце статей 
610 1 |a сборники 
610 1 |a геология 
610 1 |a рудные месторождения 
610 1 |a цветные металлы 
610 1 |a черные металлы 
610 1 |a поисково-разведочные работы 
675 |a 553.3  |v 3 
675 |a 553.4  |v 3 
702 1 |a Бекжанов  |b Г. Р.  |4 340 
702 1 |a Пучков  |b Е. В.  |4 340 
702 1 |a Мулдагалиев  |b Т. Г.  |4 340 
702 1 |a Зорин  |b Е. С.  |4 340 
702 1 |a Каймаков  |b А. К.  |4 340 
712 0 2 |a Казахский научно-исследовательский институт минерального сырья  |9 24524 
801 1 |a RU  |b 63413507  |c 20031215  |g PSBO 
801 2 |a RU  |b 63413507  |c 20101116  |g PSBO 
942 |c BK